Hospitals for people (Record no. 76342)

MARC details
000 -LEADER
fixed length control field 00718nam a2200157 a 4500
008 - FIXED-LENGTH DATA ELEMENTS--GENERAL INFORMATION
fixed length control field 120416s1975 ||||||||||||||||| || u
050 ## - LIBRARY OF CONGRESS CALL NUMBER
Classification number RA 967 Cal
100 ## - MAIN ENTRY--PERSONAL NAME
Personal name Calderhead, James
245 10 - TITLE STATEMENT
Title Hospitals for people
246 ## -
-- a look at some new buildings in England
260 ## - PUBLICATION, DISTRIBUTION, ETC.
Place of publication, distribution, etc. London
Name of publisher, distributor, etc. King Edward's Hospital Fund for Departme
Date of publication, distribution, etc. 1975
300 ## - PHYSICAL DESCRIPTION
Extent 63 pages : illustrations
350 ## -
-- 0.00
995 ## -
-- BINDERY (DAMAGED)
-- 0.00
-- 705269
-- CBU-MAIN LIBRARY (Kitwe)
-- 2
-- 0.00
-- RA 967 Cal
-- DAMAGED
-- 015116
-- Main Library Open Access Collection
995 ## -
-- ANNEX COLLECTION (Main Library)
-- 0.00
-- 705270
-- CBU-MAIN LIBRARY (Kitwe)
-- 1
-- 0.00
-- RA 967 Cal
-- 1
-- AVAILABLE
-- Apr 10, 2007
-- 015115
-- Annex Low-Usage Collection
999 ## -
-- 76342
-- 76342
Holdings
Withdrawn status Lost status Source of classification or shelving scheme Damaged status Not for loan Permanent Location Current Location Shelving location Date acquired Total Checkouts Full call number Barcode Date last seen Copy number Price effective from Koha item type
          CBU-MAIN LIBRARY, KITWE. CBU-MAIN LIBRARY, KITWE.   04/25/2023   RA 967 Cal 015116 04/25/2023 1 04/25/2023 MONOGRAPH
          CBU-MAIN LIBRARY, KITWE. CBU-MAIN LIBRARY, KITWE.   04/25/2023   RA 967 Cal 015115 04/25/2023 2 04/25/2023 MONOGRAPH